Adivina el logo - Argentina - Estadísticas

Estadísticas generales
  • Esta prueba ha sido intentada 72 veces
  • La puntuación promedio es 8 de 16
Estadísticas de respuestas
Imagen Respuesta % Correcto
Claro
94%
MercadoLibre
94%
Epson
63%
Los Piojos
59%
La Virginia
57%
Ades
55%
PowerPoint
53%
Nik
51%
Dr Ahorro
43%
Maped
41%
Vorterix
35%
Avast
33%
Express
31%
Viña del Mar
27%
Commodore
12%
100 Bares
10%
No se encontraron pruebas coincidentes
Distribución de puntuación
Porcentaje de gente con cada puntuación
Porcentaje por número respondido
Historial de tus puntuaciones
No has intentado esta prueba.